000 02968nam a2200397 a 4500
001 ebr10485546
003 CaPaEBR
006 m u
007 cr cn|||||||||
008 100714s2011 azuab sb 001 0 eng d
010 _z 2010028738
020 _z9780816529285 (pbk. : acid-free paper)
020 _z9780816502295 (e-book)
040 _aCaPaEBR
_cCaPaEBR
035 _a(OCoLC)747413929
043 _an-us---
050 1 4 _aE98.L3
_bM53 2011eb
082 0 4 _a333.2
_222
100 1 _aMiddleton, Beth Rose,
_d1979-
245 1 0 _aTrust in the land
_h[electronic resource] :
_bnew directions in tribal conservation /
_cBeth Rose Middleton ; foreword by Clifford Trafzer.
260 _aTucson :
_bUniversity of Arizona Press,
_cc2011.
300 _axxii, 324 p. :
_bill., map.
490 1 _aFirst peoples : new directions in indigenous studies
504 _aIncludes bibliographical references (p. [303]-314) and index.
505 0 _aThe context of private conservation -- Environmental justice and tribal conservation -- Intertribal Sinkyone Wilderness Council (California) -- Native American Land Conservancy (California/National) -- The art and science of creating a 501(c)(3) Native American Land Conservancy / Kurt Russo -- Mitigation of tribal development : Yocha Dehe Wintun Nation (California) -- Senate Bill 18 (Burton) and mitigation of non-tribal development : Morongo Band of Mission Indians (California) -- Developing cultural conservation easements : Little Traverse Bay Bands of Odawa Indians (Michigan) -- Native nonprofits and petitioning tribes : Tsi-Akim Maidu (California) -- Alaska native lands : Kachemak Heritage Land Trust (Alaska) and Nushagak-Mulchatna Wood-Tikchik Land Trust (Alaska) -- Land purchases and fee-to-trust considerations : Jamestown S'klallam Tribe (Washington) -- Land purchases and fee-to-trust considerations : Eastern Band of Cherokee Indians (North Carolina) -- Watershed protection : Nisqually Indian Tribe (Washington) -- Partnerships for native land management : Cache Creek Conservancy Tending and Gathering Garden (California) -- Tribal resource conservation districts, the Coarsegold Resource Conservation District, and the Susanville Indian Rancheria (California).
533 _aElectronic reproduction.
_bPalo Alto, Calif. :
_cebrary,
_d2013.
_nAvailable via World Wide Web.
_nAccess may be limited to ebrary affiliated libraries.
650 0 _aIndians of North America
_xLand tenure
_vCase studies.
650 0 _aLand trusts
_zUnited States
_vCase studies.
650 0 _aConservation easements
_zUnited States
_vCase studies.
650 0 _aNatural areas
_zUnited States
_vCase studies.
650 0 _aNature conservation
_zUnited States
_vCase studies.
655 7 _aElectronic books.
_2local
710 2 _aebrary, Inc.
830 0 _aFirst peoples (2010)
856 4 0 _uhttp://site.ebrary.com/lib/rucke/Doc?id=10485546
_zAn electronic book accessible through the World Wide Web; click to view
999 _c121076
_d121076